Words ending with -CH - Statistics

General Stats
  • This quiz has been taken 38 times
  • The average score is 11 of 15
Answer Stats
Hint Answer % Correct
Exclamation of pain Ouch
100%
Popeye's food Spinach
100%
Seek Search
93%
Curved symmetrical structure Arch
87%
Burp Belch
87%
Oration Speech
87%
Turns the light on? Switch
87%
Female head of family Matriarch
80%
Dog Pooch
67%
Judy's other half Punch
67%
Tyres when braking sharpish Screech
67%
La Plage Beach
60%
Beer belly? Paunch
47%
Lunch? Or a place in Kent, England Sandwich
40%
Expression of disapproval Reproach
0%
No matching quizzes found
Score Distribution
Percent of People with Each Score
Percentile by Number Answered
Your Score History
You have not taken this quiz